| 000 | 00337 a2200157 4500 | ||
|---|---|---|---|
| 001 | 63675 | ||
| 082 | _a658.7SHA | ||
| 090 |
_c37674 _d37674 |
||
| 100 | _aShapiro,J.F | ||
| 245 | _aModeling the supply chain | ||
| 250 | _a1 | ||
| 260 | _bThomson Duxbury | ||
| 300 | _axii,586p. | ||
| 500 | _asupply chain | ||
| 740 | _asupply chain | ||
| 942 |
_aNUST-CAE _k658.7SHA |
||
| 999 |
_c298748 _d298748 |
||